| 000 | 00801cam a22002294a 4500 | ||
|---|---|---|---|
| 001 | 12480877 | ||
| 005 | 20180112042334.0 | ||
| 008 | 010724s2002 mauab 001 0 eng | ||
| 010 | _a 2001049248 | ||
| 020 | _a158017406X (alk. paper) | ||
| 040 |
_aDLC _cDLC _dDLC |
||
| 041 | _aeng | ||
| 042 | _apcc | ||
| 080 | _a717 | ||
| 082 | 0 | 0 |
_a717 KAN _221 |
| 100 | 1 | _a9 | |
| 101 | _aMJE | ||
| 245 | 1 | 0 |
_aGarden stone : _cBarbara Pleasant ; photography by Dency Kane. |
| 906 |
_a7 _bcbc _corignew _d1 _eocip _f20 _gy-gencatlg |
||
| 942 |
_2ddc _cBK |
||
| 999 |
_c40179 _d40179 |
||